000
00269nam a22001217a 4500
008
180807b xxu||||| |||| 00| 0 eng d
082
_a
813.52
245
_a
Organic Chemistry
_c
Hill,M.G
260
_c
2006
300
_a
1
_f
CD
440
_x
0073192813
942
_2
ddc
_c
MX
999
_c
46898
_d
46898